|
|
|
|
| LEADER |
00000nas1a2200000 4500 |
| 001 |
581044 |
| 005 |
20231102022046.0 |
| 011 |
|
|
|a 1026-5600
|
| 035 |
|
|
|a (RuTPU)RU\TPU\prd\281038
|
| 035 |
|
|
|a RU\TPU\prd\280960
|
| 090 |
|
|
|a 581044
|
| 100 |
|
|
|a 20181101a19949999k y0rusy50 ca
|
| 101 |
0 |
|
|a rus
|
| 102 |
|
|
|a RU
|
| 110 |
|
|
|a agaz|||0uu0
|
| 200 |
1 |
|
|a Региональная экология
|e научный журнал
|f Российская академия наук (РАН), Санкт-Петербургский научно-исселдовательский центр экологической безопасности
|
| 210 |
|
|
|a Санкт-Петербург
|c Изд-во НИЦЭБ РАН
|d 2016-
|
| 305 |
|
|
|a Издается с 1994 г.
|
| 326 |
|
|
|a 4 номера в год
|
| 606 |
|
|
|a Экология
|x (биологические науки)
|2 stltpush
|3 (RuTPU)RU\TPU\subj\67531
|9 83289
|
| 610 |
1 |
|
|a природная среда
|
| 610 |
1 |
|
|a экологический мониторинг
|
| 610 |
1 |
|
|a геосистемы
|
| 610 |
1 |
|
|a природопользование
|
| 610 |
1 |
|
|a электронный ресурс
|
| 675 |
|
|
|a 574
|v 3
|
| 712 |
0 |
2 |
|a Российская академия наук (РАН)
|b Санкт-Петербургский научно-исселдовательский центр экологической безопасности
|4 570
|
| 801 |
|
0 |
|a RU
|b 63413507
|c 20011210
|g PSBO
|
| 801 |
|
2 |
|a RU
|b 63413507
|c 20181101
|g PSBO
|
| 856 |
4 |
|
|u http://www.ecosafety-spb.ru/index.php?option=com_content&view=article&id=110&Itemid=17
|
| 856 |
4 |
|
|u https://elibrary.ru/title_about.asp?id=9030
|
| 942 |
|
|
|c CR
|